| 000 | 01396nam a22003137a 4500 | ||
|---|---|---|---|
| 001 | 48355 | ||
| 003 | BD-RjUL | ||
| 005 | 20230903135519.0 | ||
| 008 | 160813s20211995ii ||||| |||| 00| 0 ben d | ||
| 020 |
_a8172933216 _c : TK 140.00 |
||
| 020 |
_a8172932499 _c: IRs. 150.00 (V-2) |
||
| 020 |
_a8172934173 _c: IRs.230.00 |
||
| 020 | _a8172935048 (V-6) | ||
| 020 |
_a9788172939700 (V-8) _c: IRs. 160.00 |
||
| 020 |
_a9789350200476 (V-9) _c: IRs. 120.00 |
||
| 020 |
_a9789350200902 (V-10) _c: IRs. 300.00 |
||
| 035 | _a(BD-RjUL)48474 | ||
| 040 |
_aBD-RjUL _bben _cBD-RjUL |
||
| 041 | _aben | ||
| 082 |
_223 _a891.44208 _bDUN 2021 |
||
| 100 | 1 |
_aদত্ত, উৎপল _9123673 |
|
| 245 | 1 | 0 |
_aনাটকসমগ্র / _cউৎপল দত্ত |
| 260 |
_aকলকাতা : _bমিত্র ও ঘোষ পাবলিশার্স, _c১৯৯৪,১৯৯৫,১৯৯৮ [মুদ্রণ ২০০০,২০১১, ২০১৬,২০১৮,২০২১,] |
||
| 300 |
_aখণ্ড ; _c২২ সেমি. |
||
| 505 | 0 | _aখণ্ড ২-- খণ্ড ৩-- খণ্ড ৪ -- খণ্ড ৫ -- খণ্ড ৬ -- খণ্ড ৭-- -- খণ্ড ৮ -- খণ্ড ৯ -- খণ্ড ১০ -- | |
| 650 |
_aবাংলা নাটক _vবিবিধ রচনা _9146336 |
||
| 650 |
_aBangali drama _vMiscellaneous writings _9146337 |
||
| 942 |
_2ddc _cBK |
||
| 999 |
_c48355 _d48355 |
||